Statistiques concernant Géographie de la France par lettre - N

Cliquez ici pour prendre le quiz!

Statistiques générales

  • Ce quiz a été pris 618 fois
  • Le résultat moyen est 13 sur 18

Statistiques - réponses

QuestionRéponse% Correct
Région de Caen, Rouen ou Le HavreNormandie
96%
Ville du Gard accueillant un grand amphitêatre romainNîmes
90%
Département français le plus peupléNord
88%
Département situé entre le Cher et la Saône-et-LoireNièvre
87%
Territoire français du pacifique s'étant récemment prononcé sur son indépendanceNouvelle-Calédonie
84%
La cité des ducs de BretagneNantes
83%
Grande ville de Lorraine, ancienne capitale du duchéNancy
81%
Plus grande ville du territoire précédentNouméa
80%
Plus vaste région françaiseNouvelle-Aquitaine
77%
Chef-lieu du département précédentNevers
75%
Chef-lieu d'un département de Poitou-CharenteNiort
70%
Île touristique de VendéeÎle de {Noirmoutier}
68%
Ville la plus peuplée de l'AudeNarbonne
68%
Chef-lieu des Hauts-de-SeineNanterre
65%
Région historique aujourd'hui partagée entre la France et l'Espagne, les bourbons y faisaient référence dans leur titreNavarre
64%
Préfecture rattachée à la France en 1860Nice
62%
Volcan de l'Île de la Réunion, culminant à plus de 3000 mètresPiton des {Neiges}
58%
Ville principale du Nord-Est de l'Oise, donnant son nom à une région naturelleNoyon
13%

Distribution des résultats

Percentile par nombre de réponses

% des personnes avec chaque résultat

Votre développement - résultats

Vous n’avez pas pris ce quiz